000
00349nam a2200145 a 4500
005
20140513081058.0
008
100907s19uu xx 00 eng d
050
_a
VCD
_b
Fa163 2004
245
_a
Fairytopia: mermaidia/.
260
_b
Mattel,
_c
2006.
440
_a
Barbie
500
_a
2 discs
650
_a
Fairy-mermaid-fiction.
999
_c
116637
_d
116637